<?xml version="1.0" encoding="UTF-8"?>
<record
    xmlns:xsi="http://www.w3.org/2001/XMLSchema-instance"
    xsi:schemaLocation="http://www.loc.gov/MARC21/slim http://www.loc.gov/standards/marcxml/schema/MARC21slim.xsd"
    xmlns="http://www.loc.gov/MARC21/slim">

  <leader>06738nam a2200313 a 4500</leader>
  <controlfield tag="003">OSt</controlfield>
  <controlfield tag="005">20250916111303.0</controlfield>
  <controlfield tag="008">100812s2018  dr      000 0 spa</controlfield>
  <datafield tag="020" ind1=" " ind2=" ">
    <subfield code="a">9789945913194 (v.1)</subfield>
    <subfield code="q"> </subfield>
  </datafield>
  <datafield tag="040" ind1=" " ind2=" ">
    <subfield code="a">DO-SdBNP</subfield>
    <subfield code="b">spa</subfield>
    <subfield code="c">BPMSU </subfield>
  </datafield>
  <datafield tag="082" ind1=" " ind2="4">
    <subfield code="a">920.72</subfield>
    <subfield code="b">V297b  2018</subfield>
    <subfield code="2">22</subfield>
  </datafield>
  <datafield tag="245" ind1="0" ind2="0">
    <subfield code="a">Desde Bonao :</subfield>
    <subfield code="b">las luchas exitosas de Aniana Vargas /</subfield>
    <subfield code="c">compilaci&#xF3;n y estudio de Reina Rosario ; presentaci&#xF3;n Roberto Cass&#xE1; </subfield>
  </datafield>
  <datafield tag="260" ind1=" " ind2=" ">
    <subfield code="a">Santo Domingo :</subfield>
    <subfield code="b">Archivo General de la Naci&#xF3;n,</subfield>
    <subfield code="c">2018.</subfield>
  </datafield>
  <datafield tag="300" ind1=" " ind2=" ">
    <subfield code="a">v. ;</subfield>
    <subfield code="c">24 cm.</subfield>
  </datafield>
  <datafield tag="490" ind1="0" ind2=" ">
    <subfield code="a">Archivo General de la Naci&#xF3;n ;</subfield>
    <subfield code="v">341</subfield>
  </datafield>
  <datafield tag="500" ind1=" " ind2=" ">
    <subfield code="a">Incluye datos biogr&#xE1;ficos de Aniana Vargas en la solapa de la cubierta</subfield>
  </datafield>
  <datafield tag="505" ind1=" " ind2=" ">
    <subfield code="a">Tomo I /Presentaci&#xF3;n. Roberto Cass&#xE1;, 13.-- El manantial m&#xE1;s cristalino que brot&#xF3; de Aniana Vargas. Reina Rosario, 17.-- Aniana Vargas: de combatiente revolucionaria a centinela de las aguas. Reina Rosario, 27.-- &lt;&lt;Desde Bonao&gt;&gt; (Art&#xED;culos publicados en el peri&#xF3;dico El Nacional del 2 de marzo de 1994 al 18 de diciembre de 1997), 65.-- Experiencias, 66.-- Aprendamos, 68.-- Encuentro, 69.-- La lucha por un camino, 71.-- Triunfo para Bonao, 73.-- Gran jornada, 74.-- Tarea de toso, 75.-- Ante las elecciones, 77.-- Espect&#xE1;culo deprimente, 78.-- Despu&#xE9;s de la campa&#xF1;a, 80.-- El fraude permanente, 81.-- Grave crisis pol&#xED;tica, 83.-- &#xBF;Y nuestras demandas?, 84.-- Narcizaso vivo, 85.-- Por la educaci&#xF3;n, 87.-- Dos cartas, 89.-- A los maestros, 90.-- &#xBF;Qu&#xE9; es lo importante?, 92.-- La otra pol&#xED;tica, 93.-- &#xBF;Qu&#xE9; dir&#xED;a Roberto?, 95.-- Tres temas, 96.-- Sue&#xF1;os y pesadillas, 98.-- Miremos hacia el pueblo, 100.-- Un nuevo triunfo, 101.-- Un nuevo desaf&#xED;o, 103.-- Hait&#xED; y Cuba, 104.-- Convenio con el INDRHI (1), 106.-- Convenio con el INDRHI (II), 107.-- El convenio con el INDRHI (III), 109.-- Con el pueblo haitiano, 110.-- Bonao y sus problemas, 111.-- La sedimentaci&#xF3;n presas, 113.-- La Federaci&#xF3;n y el trasvase, 114.-- Maestros-JCE-Cuba, 116.-- Desterrar esas pr&#xE1;cticas, 117.-- Primer bolet&#xED;n, 119.-- Romper el silencio, 120.-- Los doce millones, 122.-- Narcisazo y el nuevo jefe de la PN, 123.-- Cambiar la agenda, 125.-- Manolo Tav&#xE1;rez: 31 a&#xF1;os despu&#xE9;s, 126.-- Esc&#xE1;ndalo Aduanas y reforestaci&#xF3;n, 128.-- Dos l&#xED;neas opuestas, 130.-- Que los noelenses decidan, 131.-- Una oportunidad, 133.-- Vale la pena luchar, 134.-- Un camino para Bonao, 136.-- Atenci&#xF3;n Bonao, 138.-- M&#xE9;xico y sus temas, 139.-- Un camino por recorrer, 141.-- Primer paso, 142.-- El ser humano es lo primero, 144.-- Campesinos chiriperos, 146.-- Huelga de las enfermeras, 147.-- Corrupci&#xF3;n y lucha, 149.-- Luchar en forma distinta, 151.-- Aprendamos de Abril, 152.-- A 30 a&#xF1;os de la intervenci&#xF3;n, 154.-- Vida en dignidad, 155.-- Un llamado de alerta, 157.-- Carta a Rodr&#xED;guez Gallart, 159.-- Al director del INDRHI, 160.-- Deterioro de la ciudad de vida, 162.-- Delio G&#xF3;mez Ochoa, 163.-- A ONAPLAN y al INDHRI, 165.-- La lucha en Bonao, 167.-- Oro maldito, 168.-- Politiquer&#xED;a y salud, 170.-- Roberto y nuestro oro, 171.-- Un primer paso positivo, 173.-- RD se desertifica, 175.-- Dominicanos en NY, 176.-- R&#xED;o Yuna-dominicanos, 178.-- Militantes y reforestaci&#xF3;n, 179.-- Pueblo contra pueblo, 181.-- No se lo permitiremos, 182.-- 12 mil obreros suspendidos, 184.-- M&#xE9;dicos y sanidad, 185.-- Al presidente, 187.-- Triunfo del pa&#xED;s, 188.-- Tres grandes triunfos, 190.-- Mensaje al Congreso, 191.-- Se salv&#xF3; Bonao, 193.-- No hay forma de amedrentarme, 194.-- Afinemos la agenda, 196.-- Los Quemados no aguantan, 197.-- Ejemplo de los Quemados, 199.-- Generaci&#xF3;n Manolo, 200.-- A pesar de todo, 202.-- Derechos humanos, 203.-- La gobernadora, 205.-- Manolo Tav&#xE1;rez, 206.-- 1996, 208.-- Mirar hacia adelante, 209.-- Correo en la loma, 211.-- Compartir beneficios, 212.-- &#xBF;C&#xF3;mo hacer pol&#xED;tica?, 214.-- Problema salud, 215.-- Ante otra huelga general, 217.-- Contraalmirante, 218.-- Encuentro Norte-sur, 220.-- Electricidad y policl&#xED;nica, 221.-- Otro golpe a la mira, 223.-- Nuevos triunfos, 224.-- Una propuesta, 226.-- Telegramas y luchas 227.-- Asamblea crucial, 229.-- Perjudican al presidente, 231.-- Las elecciones, 232.-- Momento crucial, 234.-- Torpeza de funcionarios, 235.-- M&#xE1;s significativo, 237.-- Denuncia del secretario, 238.-- Nuevas experiencias, 240.-- &#xBF;Hasta d&#xF3;nde van a llegar?, 241.-- Tres objetos b&#xE1;sicos, 243.-- La situaci&#xF3;n, 244.-- &#xA1;Vuelve pronto, Julia!, 246.-- Un nuevo presidente, 248.-- Otro triunfo de Bonao, 249.-- Mi intervenci&#xF3;n, 251.-- Abrir nuevos caminos, 252.-- Relaciones con Cuba, 254.-- Al nuevo del INDHRI (I), 255.-- Al nuevo del INDHRI (II), 257.-- Nuevo presidente, 258.-- El seguro social, 260.-- Fruct&#xED;fera reuni&#xF3;n, 261.-- La alta monta&#xF1;a, 263.-- La agenda de Bonao, 264.-- Nuevo procurador fiscal, 266.-- Exigimos cumplan ley, 268.-- Hillary Clinton, 269.-- &#xBF;Po qu&#xE9; nos oponemos?, 271.-- L&#xED;nea divisora, 271.-- Hasta la victoria, 274.-- Innegociable, 276.-- Ins&#xF3;lito e inexplicable, 277.-- Reaccionar y algo m&#xE1;s, 278.-- V&#xED;a crucis por la vida, 280.-- En manos del presidente, 282.-- Carta entregada al presidente, 283.-- Realidades y sue&#xF1;os, 285.-- No vencer&#xE1;n por cansancio, 286.-- Sin agua para beber, 288.-- Al director de Miner&#xED;a, 290.-- &#xA1;No pasar&#xE1;n!, 291.-- Cuidado con los enemigos, 293.-- Transparencia, 294.-- &#xBF;Qui&#xE9;n nos defiende?, 296.-- Orgullosos, 297.-- Llamado a la conciencia, 299.-- Paralizaci&#xF3;n definitiva, 300.-- Triunfo en Villa Riva, 302.-- Acciones que nos fortalecen, 303.-- &#xBF;D&#xF3;nde nos colocamos?, 305.-- Transporte para la Federaci&#xF3;n, 306.-- Quisqueya Verde, 308.-- Proyectada visita, 309.-- Encuentro Norte-Sur, 311.-- por los guerrilleros del MRTA, 313.-- Vergonzoso, 314.-- Adecentar la justicia, 316.-- Otro maldito, 318.-- No pueden obligarnos, 319.-- Caminos de felicidad, 321.-- 14 de junio, 322.-- &#xBF;Qu&#xE9; estamos haciendo?, 324.-- Construyendo un ejemplo, 326.-- Por primera vez, 327.-- Irresponsabilidad, 329.-- Esfuerzo, 330.-- Empecinamiento, 332.-- No dejarse enga&#xF1;ar, 334.-- &#xBF;A qui&#xE9;nes cuestiona?, 335.-- Se&#xF1;or presidente, 337.-- Comit&#xE9; Ol&#xED;mpico, 338.-- Triunfo derecha pol&#xED;tica, 340.-- Incertidumbre, 341.-- Con el Che, 343.-- As&#xED; andan las cosas, 344.-- Todav&#xED;a en Cuba, 346.-- Bien, 348.-- La huelga, 349.-- Un aporte, 351.-- Legado generacional, 352.-- Di&#xE1;logo, 354.</subfield>
  </datafield>
  <datafield tag="590" ind1=" " ind2=" ">
    <subfield code="a">Inventariado, 2021/VM</subfield>
  </datafield>
  <datafield tag="600" ind1="1" ind2="4">
    <subfield code="a">Vargas, Aniana     </subfield>
    <subfield code="d">1930-2002</subfield>
  </datafield>
  <datafield tag="650" ind1=" " ind2="4">
    <subfield code="a">Revolucionarios </subfield>
    <subfield code="z">Rep&#xFA;blica Dominicana</subfield>
  </datafield>
  <datafield tag="650" ind1=" " ind2="4">
    <subfield code="a">Luchas sociales</subfield>
    <subfield code="z">Rep&#xFA;blica Dominicana</subfield>
  </datafield>
  <datafield tag="651" ind1=" " ind2="4">
    <subfield code="a">Rep&#xFA;blica Dominicana</subfield>
    <subfield code="x">Historia</subfield>
  </datafield>
  <datafield tag="700" ind1="1" ind2=" ">
    <subfield code="a">Rosario, Reina</subfield>
    <subfield code="e">Compiladora</subfield>
  </datafield>
  <datafield tag="700" ind1="1" ind2=" ">
    <subfield code="a">Cass&#xE1;, Roberto, 1948-</subfield>
    <subfield code="e">Presentaci&#xF3;n</subfield>
  </datafield>
  <datafield tag="710" ind1="2" ind2=" ">
    <subfield code="a">Archivo General de la Naci&#xF3;n (Rep&#xFA;blica Dominicana )</subfield>
  </datafield>
  <datafield tag="910" ind1=" " ind2=" ">
    <subfield code="a">VMateo V.</subfield>
  </datafield>
  <datafield tag="942" ind1=" " ind2=" ">
    <subfield code="2">ddc</subfield>
    <subfield code="c">BK</subfield>
  </datafield>
  <datafield tag="952" ind1=" " ind2=" ">
    <subfield code="0">0</subfield>
    <subfield code="1">0</subfield>
    <subfield code="2">ddc</subfield>
    <subfield code="4">0</subfield>
    <subfield code="7">0</subfield>
    <subfield code="8">CD</subfield>
    <subfield code="a">BPMET</subfield>
    <subfield code="b">BPMET</subfield>
    <subfield code="d">2021-10-08</subfield>
    <subfield code="e">AGN</subfield>
    <subfield code="l">0</subfield>
    <subfield code="o">BPMSU CD 920.72 V297b  2018</subfield>
    <subfield code="p">BPMSU21100065</subfield>
    <subfield code="r">2021-10-08</subfield>
    <subfield code="t">v.1</subfield>
    <subfield code="u"> 2018</subfield>
    <subfield code="w">2021-10-08</subfield>
    <subfield code="y">BK</subfield>
  </datafield>
  <datafield tag="952" ind1=" " ind2=" ">
    <subfield code="0">0</subfield>
    <subfield code="1">0</subfield>
    <subfield code="2">ddc</subfield>
    <subfield code="4">0</subfield>
    <subfield code="7">0</subfield>
    <subfield code="8">CD</subfield>
    <subfield code="a">BPMET</subfield>
    <subfield code="b">BPMET</subfield>
    <subfield code="d">2021-10-08</subfield>
    <subfield code="e">AGN</subfield>
    <subfield code="l">0</subfield>
    <subfield code="o">BPMSU CD 920.72 V297b  2018</subfield>
    <subfield code="p">BPMSU21100112</subfield>
    <subfield code="r">2021-10-19</subfield>
    <subfield code="t">v.1, e.2</subfield>
    <subfield code="w">2021-10-08</subfield>
    <subfield code="y">BK</subfield>
  </datafield>
  <datafield tag="952" ind1=" " ind2=" ">
    <subfield code="0">0</subfield>
    <subfield code="1">0</subfield>
    <subfield code="2">ddc</subfield>
    <subfield code="4">0</subfield>
    <subfield code="7">0</subfield>
    <subfield code="8">CD</subfield>
    <subfield code="a">BPMET</subfield>
    <subfield code="b">BPMET</subfield>
    <subfield code="d">2021-10-08</subfield>
    <subfield code="e">AGN</subfield>
    <subfield code="l">0</subfield>
    <subfield code="o">BPMSU CD 920.72 V297b  2018</subfield>
    <subfield code="p">BPMSU21100113</subfield>
    <subfield code="r">2021-10-19</subfield>
    <subfield code="t">v.2</subfield>
    <subfield code="w">2021-10-08</subfield>
    <subfield code="y">BK</subfield>
  </datafield>
  <datafield tag="952" ind1=" " ind2=" ">
    <subfield code="0">0</subfield>
    <subfield code="1">0</subfield>
    <subfield code="2">ddc</subfield>
    <subfield code="4">0</subfield>
    <subfield code="7">0</subfield>
    <subfield code="8">CD</subfield>
    <subfield code="a">BPMET</subfield>
    <subfield code="b">BPMET</subfield>
    <subfield code="d">2021-10-08</subfield>
    <subfield code="e">AGN</subfield>
    <subfield code="l">0</subfield>
    <subfield code="o">BPMSU CD 920.72 V297b  2018</subfield>
    <subfield code="p">BPMSU25090069</subfield>
    <subfield code="r">2025-09-16</subfield>
    <subfield code="t">v.1, e.3</subfield>
    <subfield code="w">2021-10-08</subfield>
    <subfield code="y">BK</subfield>
  </datafield>
  <datafield tag="952" ind1=" " ind2=" ">
    <subfield code="0">0</subfield>
    <subfield code="1">0</subfield>
    <subfield code="2">ddc</subfield>
    <subfield code="4">0</subfield>
    <subfield code="7">0</subfield>
    <subfield code="8">CD</subfield>
    <subfield code="a">BPMET</subfield>
    <subfield code="b">BPMET</subfield>
    <subfield code="d">2021-10-08</subfield>
    <subfield code="e">AGN</subfield>
    <subfield code="l">0</subfield>
    <subfield code="o">BPMSU CD 920.72 V297b  2018</subfield>
    <subfield code="p">BPMSU25090070</subfield>
    <subfield code="r">2025-09-16</subfield>
    <subfield code="t">v.2, e.2</subfield>
    <subfield code="w">2021-10-08</subfield>
    <subfield code="y">BK</subfield>
  </datafield>
  <datafield tag="956" ind1=" " ind2=" ">
    <subfield code="a"> </subfield>
  </datafield>
  <datafield tag="999" ind1=" " ind2=" ">
    <subfield code="c">13774</subfield>
    <subfield code="d">13774</subfield>
  </datafield>
</record>
